| Поле | Название | Значение |
| |
Тип записи |
i |
| |
Библиографический уровень |
m |
| 001 |
Контрольный номер |
RU/IS/BASE/517509901 |
| 005 |
Дата корректировки |
20250305114902.1 |
| 010 |
Индекс ISBN |
__ |
| a |
ISBN |
(в кор.) |
| d |
Цена |
149-75 |
| 100 |
Данные общей обработки |
__ |
| a |
Данные общей обработки |
19160525d2006||||||| 0engy0189 ca |
| 101 |
Язык документа |
0_ |
| a |
Язык текста |
eng |
| 102 |
Страна публикации |
__ |
| a |
Страна публикации |
ru| |
| 105 |
Кодированные данные (монография) |
__ |
| a |
Кодированные данные (монография) |
|||||||||f|zy |
| 127 |
Кодированные данные (звукозаписи-физические характеристики) |
__ |
| a |
Продолжительность проигрывания |
04 ч 09 мин |
| 200 |
Заглавие и сведения об ответственности |
1_ |
| a |
Заглавие |
Father Brown Stories |
| e |
Сведения, относящиеся к заглавию |
[аудиокнига на английском языке : 16+] |
| f |
Первые сведения об ответственности |
G. K. Chesterton ; read by Cora McDonald |
| b |
Общее обозначение материала |
Звукозапись |
| 200 |
Заглавие и сведения об ответственности |
1_ |
| d |
Параллельное заглавие |
Рассказы об отце Брауне |
| 210 |
Выходные данные |
1_ |
| a |
Место издания |
Москва |
| c |
Издательство |
АРДИС |
| d |
Дата издания |
2006 |
| 215 |
Физическое описание |
__ |
| a |
Объем |
1 электрон. опт. диск (Audio CD) |
| c |
Иллюстрации/тип воспроизводства |
mp3, mono |
| d |
Формат |
12х14 см |
| 225 |
Серия |
2_ |
| a |
Серия |
Литература на иностранных языках |
| 230 |
Специфическая характеристика материала: электронные ресурсы |
__ |
| a |
Обозначение и объем ресурса |
Электронные звуковые данные |
| 300 |
Общие примечания |
__ |
| a |
Общие примечания |
Заглавие с этикетки диска |
| 300 |
Общие примечания |
__ |
| a |
Общие примечания |
На английском языке |
| 323 |
Примечание о главных создателях, исполнителях, участниках |
__ |
| a |
Примечание о главных создателях, исполнителях, участниках |
McDonald, C. (read by) |
| 327 |
Примечание о содержании |
0_ |
| a |
Примечание о содержании |
The Blue Cross |
| 327 |
Примечание о содержании |
0_ |
| a |
Примечание о содержании |
The Secret Garden |
| 327 |
Примечание о содержании |
0_ |
| a |
Примечание о содержании |
The Invisible Man |
| 327 |
Примечание о содержании |
0_ |
| a |
Примечание о содержании |
The Hammer of God |
| 327 |
Примечание о содержании |
0_ |
| a |
Примечание о содержании |
The Strange Crime of John Boulnois |
| 330 |
Аннотация |
__ |
| a |
Аннотация |
Произведения Г. К. Честертона стали классикой английской литературы ХХ века. В сборник вошли приключенческие рассказы о священнике-сыщике отце Брауне. Острый детективный сюжет, увлекательные методы раскрытия преступлений, парадоксы, яркие описания, прекрасный язык, юмор и жизнелюбие - в добрых и захватывающих рассказах мастера. |
| 333 |
Примечание о целевом назначении |
__ |
| a |
Примечание о целевом назначении |
16+. Для детей старше 16 лет |
| 337 |
Примечание о системных требованиях (электронные ресурсы) |
__ |
| a |
Примечание о системных требованиях (электронные ресурсы) |
Системные требования: MS Windows ; Pentium 100 ; RAM 16 Mb; CD-ROM; SVGA 800x600; звуковая карта; аудиосистемы с поддержкой MP3 |
| 517 |
Другие варианты заглавия |
1_ |
| a |
Другие варианты заглавия |
The Blue Cross |
| 517 |
Другие варианты заглавия |
1_ |
| a |
Другие варианты заглавия |
The Secret Garden |
| 517 |
Другие варианты заглавия |
1_ |
| a |
Другие варианты заглавия |
The Invisible Man |
| 517 |
Другие варианты заглавия |
1_ |
| a |
Другие варианты заглавия |
The Hammer of God |
| 517 |
Другие варианты заглавия |
1_ |
| a |
Другие варианты заглавия |
The Strange Crime of John Boulnois |
| 606 |
Тематические рубрики |
__ |
| a |
Основная рубрика |
Художественная литература |
| 606 |
Тематические рубрики |
__ |
| a |
Основная рубрика |
Литература Европы (произведения) |
| z |
Хронологическая подрубрика |
19 в. |
| z |
Хронологическая подрубрика |
20 в. |
| y |
Географическая подрубрика |
Англия |
| y |
Географическая подрубрика |
Великобритания |
| 610 |
Ключевые слова |
0_ |
| a |
Ключевые слова |
английская литература |
| a |
Ключевые слова |
английский язык |
| a |
Ключевые слова |
детективная литература |
| a |
Ключевые слова |
детективные рассказы |
| a |
Ключевые слова |
детективы |
| a |
Ключевые слова |
зарубежная литература |
| a |
Ключевые слова |
иностранная литература |
| a |
Ключевые слова |
литературные герои |
| a |
Ключевые слова |
литературные персонажи |
| a |
Ключевые слова |
отец Браун |
| a |
Ключевые слова |
рассказы |
| a |
Ключевые слова |
тема преступлений |
| a |
Ключевые слова |
тема расследований |
| a |
Ключевые слова |
тема сыщиков |
| 686 |
Индексы других классификаций |
__ |
| 2 |
Код системы |
rubbks |
| a |
Классификационный индекс |
84(4Вел)53-445я04 |
| 700 |
Автор |
_1 |
| a |
Фамилия |
Chesterton |
| b |
Имя |
G. K. |
| f |
Даты |
1874-1936 |
| g |
Полное личное имя |
Gilbert Keith |
| 4 |
Код отношения |
070 |
| 790 |
Имя лица - альтернативная форма |
_1 |
| a |
Имя лица - альтернативная форма |
Честертон |
| f |
Даты |
1874-1936 |
| b |
Имя |
Г. К. |
| g |
Полное личное имя |
Гилберт Кит |
| 4 |
Код отношения |
070 |
| 801 |
Источник записи |
_0 |
| a |
Страна |
ru |
| b |
Организация |
Муниципальное бюджетное учреждение культуры "Централизованная библиотечная система" г. Сургут (Центральная городская библиотека им. А. С. Пушкина) |
| c |
Дата составления |
20160525 |
| g |
Правила каталогизации |
КиК/Лукашук |
| 801 |
Источник записи |
_1 |
| a |
Страна |
ru |
| b |
Организация |
Муниципальное бюджетное учреждение культуры "Централизованная библиотечная система" г. Сургут (Центральная городская библиотека им. А. С. Пушкина) |
| c |
Дата составления |
20160525 |
| g |
Правила каталогизации |
КиК/Лукашук |
| 852 |
Данные о местонахождении |
__ |
| j |
Шифр хранения |
84(4Вел)53-445я04 |
| i |
Авторский знак |
C 51 |
| 901 |
Тип документа |
__ |
| t |
Тип документа |
0 |
| 903 |
Характеристики (МАРС) |
__ |
| a |
Дата передачи |
20160525 |
| 969 |
Тип издания |
__ |
| a |
Тип издания |
аудиокнига; издание для слепых; сборник |
| 990 |
Данные о заказе (DOS) |
__ |
| j |
Количество экземпляров (DOS) |
1 |
| t |
N записи в КСУ для И/У (DOS) |
201606 |